| 000 | 00585nam a2200181 4500 | ||
|---|---|---|---|
| 999 |
_c189064 _d189064 |
||
| 005 | 20220610164256.0 | ||
| 010 | _aENG-133227 | ||
| 020 |
_a978-93-93330-17-8 _c250.00 |
||
| 035 | _aEN-116759 | ||
| 037 | _bDBAD/PUB | ||
| 082 | _a519.2 | ||
| 100 | _aLesigne Emmanuel | ||
| 245 |
_aHeads or Tails: / _bAn Introduction to Limit Theorems in Probability _cLesigne Emmanuel |
||
| 260 |
_aTelangana _bOrient Blackswan Pvt.Ltd. _c2022 |
||
| 270 |
_a3-6-752 Himayatngaar, Hyderabad _bTelagana _e500029 |
||
| 300 |
_a150p. _c21cm(pbk) _bIndex |
||
| 942 |
_2ddc _cEN _h519.2 _mLES |
||